000 00299nam a22001337a 4500
008 170913b xxu||||| |||| 00| 0 eng d
020 _a9780852740958
041 _aeng
080 _a53
100 _a43
101 _aFIZ
245 _aGEOMETRY, TOPOLOGY,AND PHYSICS
_cNAKAHARA,M
942 _2udc
_cBK
999 _c27461
_d27461